Classification and Integration of knowledge in Islamic Epistemology / (Record no. 12279)
[ view plain ]
| 000 -LEADER | |
|---|---|
| fixed length control field | 00742nam a2200253 a 4500 |
| 001 - CONTROL NUMBER | |
| JCCL Control Number | 12279 |
| 003 - CONTROL NUMBER IDENTIFIER | |
| JCCL marc code | BD-JhCC |
| 005 - DATE AND TIME OF LATEST TRANSACTION | |
| control field | 20210921101039.0 |
| 008 - FIXED-LENGTH DATA ELEMENTS--GENERAL INFORMATION | |
| fixed length control field | 210921b2010 bg |||| ||a| 000 0 eng d |
| 020 ## - INTERNATIONAL STANDARD BOOK NUMBER | |
| International Standard Book Number | 9847010300246 |
| 035 ## - SYSTEM CONTROL NUMBER | |
| system control number | (BD-JhCC)12279 |
| 040 ## - CATALOGING SOURCE | |
| Original cataloging agency | BD-JhCC |
| Modifying agency | BD-JhCC |
| 041 ## - LANGUAGE CODE | |
| Language code of Book | english |
| 082 ## - DEWEY DECIMAL CLASSIFICATION NUMBER | |
| Classification number | 297.1971 |
| Author mark and Year | NOO 2010 |
| 100 ## - MAIN ENTRY--PERSONAL NAME | |
| Personal name | Noor, Abdun |
| 245 ## - TITLE STATEMENT | |
| Title | Classification and Integration of knowledge in Islamic Epistemology / |
| Statement of responsibility, etc | Abdun Noor, Mamtaj Uddin Ahmed. |
| 260 ## - PUBLICATION, DISTRIBUTION, ETC. (IMPRINT) | |
| Place of publication, distribution, etc | Dhaka: |
| Name of publisher, distributor, etc | Bangladesh Institute of islamic thoght(BIIT); |
| Date of publication, distribution, etc | 2010. |
| 300 ## - PHYSICAL DESCRIPTION | |
| Pagination | 174 p. : |
| Dimensions | 24 cm. |
| 650 ## - SUBJECT ADDED ENTRY--TOPICAL TERM | |
| Topical term or geographic name as entry element | Islamic Education |
| 650 ## - SUBJECT ADDED ENTRY--TOPICAL TERM | |
| Topical term or geographic name as entry element | Knowledge,Theory of islam |
| 700 ## - ADDED ENTRY--PERSONAL NAME | |
| Personal name | Ahmed, Mamtaj Uddin |
| 942 ## - ADDED ENTRY ELEMENTS (KOHA) | |
| Source of classification or shelving scheme | Dewey Decimal Classification |
| Koha item type | Books |
| Source of classification or shelving scheme | Damaged status | Not for loan | Home library | Current library | Shelving location | Cost, normal purchase price | Total Checkouts | Full call number | Barcode | Date last seen | Copy number | Koha item type |
|---|---|---|---|---|---|---|---|---|---|---|---|---|
| Dewey Decimal Classification | JCC Rouf Library | JCC Rouf Library | General Stacks | 180.00 | 297.1971 NOO 2010 | 16968 | 09/21/2021 | C-1 | Books |